000 00481nam a22001697a 4500
005 20250403144806.0
008 250403b |||||||| |||| 00| 0 eng d
020 _a9781032496436
041 _aeng
082 _a658.4092 ENG
100 _aEnglish, John W.
245 _aUnlocking Small Business Ideas: An Australian Guide
260 _aLondon
_bRoutledge
_c2023
300 _a169;. pages: 23 cm
650 _aLeadership; Organizational Effectiveness-Management
942 _cBK
999 _c43532
_d43532